000
00188nam a2200085Ia 4500
008
180219s9999 xx 000 0 und d
100
_a
Sharma R C
245
0
_a
Modern Scince Teaching
260
_a
Dhanp
260
_c
2010
999
_c
41845
_d
41845